000 00997nam a22002777a 4500
005 20230216103404.0
008 220614s1999 txua|||gr|||| 00| 0 eng d
020 _a0155083791 (2a.Ed.)
040 _aCO-BoUCM
_bspa
_cDeissy Garcia
_dDeissy Garcia
041 0 _aeng
100 1 _9174972
_aAnderson, Barbara
245 1 0 _aCostume design
_cBarbara, Cletus Anderson
250 _a2a.Ed.
260 _aFort Worth, Texas
_bHarcourt Brace College Publishers
_c1999
300 _ax, 350 páginas
_bilustraciones
500 _aBibliografía Básica - Facultad de Creación - Pregrado en Teatro Musical
504 _aIncluye referencias bibliográficas e índices
650 7 _aDiseño de moda
_9174974
650 0 _9101372
_aVestuario teatral
650 0 _9101373
_aVestuario en el arte
650 7 _913387
_aDiseño de vestidos
650 7 _919647
_aModa
700 1 _9174973
_aAnderson, Cletus
942 _2DEWEY
_a17
_cLIBRO
_e2
_h792.026
_mA545c
_n0
999 _c321321
_d321321